[Event "Monarque blanc"]
[Site "Gatineau CAN"]
[Date "2007.01.23"]
[Round "2"]
[White "Jani, Louis"]
[Black "Laferriere, Bruno"]
[Result "0-1"]
[WhiteElo "1413"]
[BlackElo "1880"]
[PlyCount "88"]
[GameId "2160767910726850"]
[EventDate "2007.01.16"]
[EventType "swiss"]
[EventRounds "7"]
[EventCountry "CAN"]
[SourceTitle "EXT 2022"]
[Source "ChessBase"]
[SourceDate "2021.10.06"]
[SourceVersion "1"]
[SourceVersionDate "2021.10.06"]
[SourceQuality "1"]

1. f4 Nf6 2. Nf3 e6 3. e3 c5 4. Be2 Nc6 5. O-O d5 6. b3 Bd6 7. Bb2 O-O 8. Nc3 a6 9. Bd3 b5 10. Be2 Bb7 11. d4 Rc8 12. Ne5 Qb6 13. Nf3 Ne7 14. Qe1 Nf5 15. Nd1 Ne4 16. Bd3 Rfd8 17. Bxe4 dxe4 18. Nh4 cxd4 19. Nxf5 exf5 20. Bxd4 Bc5 21. c3 Rc6 22. Rf2 Qc7 23. Bxc5 Rxc5 24. Rd2 Rxd2 25. Qxd2 Rd5 26. Qe1 Rd3 27. Rc1 Qd8 28. g3 h6 29. Nf2 Rd2 30. Rd1 Rxd1 31. Qxd1 Qc7 32. Qd4 Bc8 33. Kg2 Be6 34. Qd2 Kh7 35. Nh3 a5 36. Ng1 a4 37. bxa4 bxa4 38. a3 Qc5 39. Qc1 Bc4 40. Kf2 Qd5 41. Ne2 Bxe2 42. Kxe2 Qa2+ 43. Qd2 Qxa3 44. Kf2 Qb3 0-1

[Event "Monarque blanc"]
[Site "Gatineau CAN"]
[Date "2007.01.23"]
[Round "2"]
[White "Lacourse, Guy"]
[Black "Desjardins, Michel"]
[Result "0-1"]
[WhiteElo "1632"]
[BlackElo "1907"]
[PlyCount "64"]
[GameId "2160767910726851"]
[EventDate "2007.01.16"]
[EventType "swiss"]
[EventRounds "7"]
[EventCountry "CAN"]
[SourceTitle "EXT 2022"]
[Source "ChessBase"]
[SourceDate "2021.10.06"]
[SourceVersion "1"]
[SourceVersionDate "2021.10.06"]
[SourceQuality "1"]

1. c4 e5 2. Nc3 Nc6 3. Nf3 g6 4. g3 Bg7 5. Bg2 d6 6. O-O f5 7. d3 Nf6 8. Bg5 h6 9. Bxf6 Bxf6 10. Nd5 Bg7 11. b4 O-O 12. Rb1 g5 13. h3 Be6 14. Ne1 Rb8 15. e3 Qd7 16. Kh2 Kh8 17. Nc2 Qf7 18. f4 Rg8 19. Qe1 Qd7 20. b5 Ne7 21. Nxe7 Qxe7 22. Nb4 Bf6 23. Bd5 Rg7 24. Bxe6 Qxe6 25. Nd5 Rbg8 26. Rg1 gxf4 27. exf4 Bh4 28. Qe2 Bxg3+ 29. Kh1 e4 30. Rxg3 Rxg3 31. Qb2+ R8g7 32. Nxc7 Rxh3+ 0-1

[Event "Monarque blanc"]
[Site "Gatineau CAN"]
[Date "2007.01.23"]
[Round "2"]
[White "Laurin, Jacques"]
[Black "Pepin, Christian"]
[Result "1-0"]
[WhiteElo "1791"]
[BlackElo "2011"]
[PlyCount "57"]
[GameId "2160767910726852"]
[EventDate "2007.01.16"]
[EventType "swiss"]
[EventRounds "7"]
[EventCountry "CAN"]
[SourceTitle "EXT 2022"]
[Source "ChessBase"]
[SourceDate "2021.10.06"]
[SourceVersion "1"]
[SourceVersionDate "2021.10.06"]
[SourceQuality "1"]

1. c4 Nf6 2. Nc3 c5 3. Nf3 g6 4. g3 Bg7 5. Bg2 O-O 6. O-O Nc6 7. d4 d5 8. cxd5 Nxd5 9. Nxd5 Qxd5 10. dxc5 Qxc5 11. Qa4 Qb4 12. Qxb4 Nxb4 13. Bd2 Nc6 14. Bc3 Bxc3 15. bxc3 e5 16. Rab1 Rb8 17. Ng5 Bf5 18. Rb5 h6 19. Ne4 Bxe4 20. Bxe4 Rfc8 21. Rd1 Rc7 22. Rd6 Rd8 23. Rxd8+ Nxd8 24. Rxe5 Kf8 25. Rb5 b6 26. Rb3 Nc6 27. Bd5 Ke7 28. c4 Kd6 29. e4 1-0

[Event "Monarque blanc"]
[Site "Gatineau CAN"]
[Date "2007.01.23"]
[Round "2"]
[White "Libersan, Mattieu"]
[Black "Berthiaume, Patrick"]
[Result "1-0"]
[WhiteElo "1936"]
[BlackElo "984"]
[PlyCount "79"]
[GameId "2160767910726854"]
[EventDate "2007.01.16"]
[EventType "swiss"]
[EventRounds "7"]
[EventCountry "CAN"]
[SourceTitle "EXT 2022"]
[Source "ChessBase"]
[SourceDate "2021.10.06"]
[SourceVersion "1"]
[SourceVersionDate "2021.10.06"]
[SourceQuality "1"]

1. e4 e5 2. Nf3 Nf6 3. Nxe5 d6 4. Nf3 Nxe4 5. d4 Bg4 6. Bd3 Bxf3 7. Qxf3 d5 8. Bxe4 c6 9. Bd3 Qf6 10. Qxf6 gxf6 11. O-O Nd7 12. Re1+ Be7 13. b3 Nf8 14. Bf5 Kd8 15. Bf4 Ng6 16. Bg3 Rg8 17. Nd2 Ke8 18. Bxg6 fxg6 19. Bd6 Rg7 20. Re3 Rd8 21. Bxe7 Rxe7 22. Rae1 Rdd7 23. Rxe7+ Rxe7 24. Rxe7+ Kxe7 25. Kf1 Ke6 26. Ke2 f5 27. Nf3 b5 28. Ne5 a6 29. Nxc6 Kd6 30. Ne5 Ke6 31. Kd3 Kf6 32. c4 bxc4+ 33. bxc4 dxc4+ 34. Kxc4 Ke6 35. Kc5 a5 36. f4 a4 37. Kc6 a3 38. d5+ Ke7 39. d6+ Kd8 40. d7 1-0

[Event "Monarque blanc"]
[Site "Gatineau CAN"]
[Date "2007.01.23"]
[Round "2"]
[White "Pilon, Robert"]
[Black "Charette, Jean Sebastien"]
[Result "0-1"]
[WhiteElo "1554"]
[BlackElo "1387"]
[PlyCount "134"]
[GameId "2160767910726857"]
[EventDate "2007.01.16"]
[EventType "swiss"]
[EventRounds "7"]
[EventCountry "CAN"]
[SourceTitle "EXT 2022"]
[Source "ChessBase"]
[SourceDate "2021.10.06"]
[SourceVersion "1"]
[SourceVersionDate "2021.10.06"]
[SourceQuality "1"]

1. d4 e6 2. c4 c5 3. d5 d6 4. Nc3 Nf6 5. Bg5 Be7 6. e4 Nxd5 7. Bxe7 Nxe7 8. Nf3 O-O 9. Be2 Na6 10. O-O b6 11. Nb5 d5 12. cxd5 exd5 13. exd5 Nxd5 14. Bc4 Bb7 15. Re1 Nac7 16. Nxc7 Nxc7 17. Qb3 Qf6 18. Re3 a6 19. a4 b5 20. axb5 axb5 21. Rxa8 Rxa8 22. Bxb5 Bxf3 23. gxf3 Ra1+ 24. Kg2 Qg5+ 25. Kh3 Ne6 26. Rxe6 Qf5+ 27. Kg2 Qxe6 28. Qd3 Qg6+ 29. Qxg6 hxg6 30. Bc4 Kf8 31. f4 Ke7 32. h3 Ra7 33. Kg3 Kf6 34. Kg4 Re7 35. Kf3 g5 36. b3 gxf4 37. Kxf4 g5+ 38. Kg4 Re4+ 39. Kf3 Ke5 40. Kg3 Rf4 41. f3 f5 42. Be2 Kd4 43. Bc4 Ke3 44. Bd5 Ke2 45. Bc4+ Ke1 46. Bd5 Kf1 47. Be6 Ke2 48. Bc4+ Kd2 49. Be6 Kc3 50. Bd5 Kd3 51. Be6 Kc3 52. Bd5 Rb4 53. Be6 Rxb3 54. Bxf5 Kd4 55. Kg4 Ke5 56. Kxg5 Rxf3 57. Bg4 Rf2 58. Bd7 Rg2+ 59. Kh5 c4 60. Be8 Kf5 61. h4 c3 62. Bg6+ Kf6 63. Be4 Rh2 64. Bg6 c2 65. Bxc2 Rxc2 66. Kh6 Kf7 67. h5 Rh2 0-1

[Event "Monarque blanc"]
[Site "Gatineau CAN"]
[Date "2007.01.23"]
[Round "2"]
[White "Thibault, Mario"]
[Black "Thompson, Daniel"]
[Result "0-1"]
[WhiteElo "1732"]
[BlackElo "1481"]
[PlyCount "100"]
[GameId "2160767910726858"]
[EventDate "2007.01.16"]
[EventType "swiss"]
[EventRounds "7"]
[EventCountry "CAN"]
[SourceTitle "EXT 2022"]
[Source "ChessBase"]
[SourceDate "2021.10.06"]
[SourceVersion "1"]
[SourceVersionDate "2021.10.06"]
[SourceQuality "1"]

1. Nf3 d5 2. b3 c5 3. e3 Nf6 4. Bb2 Nc6 5. Bb5 a6 6. Bxc6+ bxc6 7. Ne5 Qc7 8. O-O e6 9. f4 Bd6 10. d3 Bb7 11. Nd2 O-O-O 12. Qe2 h5 13. Ndf3 Ng4 14. Nxg4 hxg4 15. Ng5 d4 16. Qxg4 f5 17. Qf3 Qe7 18. g3 g6 19. Rae1 e5 20. Qf2 Rde8 21. exd4 cxd4 22. Bxd4 Qf8 23. fxe5 Be7 24. Ne6 Qh6 25. Nc5 Rd8 26. Be3 Qh7 27. Re2 Qh5 28. Rfe1 Kb8 29. Qf4 g5 30. Qb4 Bxc5 31. Bxc5 f4 32. Bd6+ Ka8 33. Qd2 c5 34. Re4 fxg3 35. R1e2 Qf3 36. Qe3 Bxe4 37. Qxe4+ Qxe4 38. Rxe4 gxh2+ 39. Kh1 Rh6 40. Rc4 Rd7 41. Rxc5 Rf7 42. Rc8+ Kb7 43. Rf8 Rf4 44. Rxf4 gxf4 45. e6 Rxe6 46. Bxf4 Re1+ 47. Kxh2 Re2+ 48. Kg3 Rxc2 49. a3 Rc3 50. Bd6 Rxd3+ 0-1

[Event "Monarque blanc"]
[Site "Gatineau CAN"]
[Date "2007.01.30"]
[Round "3"]
[White "Arsenault, Michel"]
[Black "Libersan, Mattieu"]
[Result "1-0"]
[WhiteElo "2053"]
[BlackElo "1936"]
[PlyCount "77"]
[GameId "2160767910726859"]
[EventDate "2007.01.16"]
[EventType "swiss"]
[EventRounds "7"]
[EventCountry "CAN"]
[SourceTitle "EXT 2022"]
[Source "ChessBase"]
[SourceDate "2021.10.06"]
[SourceVersion "1"]
[SourceVersionDate "2021.10.06"]
[SourceQuality "1"]

1. c4 b5 2. cxb5 e5 3. d4 e4 4. Nc3 d5 5. Qb3 Nf6 6. Bg5 Be6 7. e3 Be7 8. Bxf6 Bxf6 9. Nge2 O-O 10. Nf4 c6 11. Rc1 Qd6 12. Na4 cxb5 13. Bxb5 a6 14. Be2 Nc6 15. Qa3 Nb4 16. Nc5 a5 17. O-O Bg5 18. Nfxe6 fxe6 19. Bg4 Rf6 20. f3 Nd3 21. Nxd3 Bxe3+ 22. Nf2 Qxa3 23. bxa3 Bxc1 24. Rxc1 e3 25. Nd3 Rb8 26. Kf1 g6 27. Ke2 h5 28. Bh3 Kg7 29. Kxe3 Rb6 30. Rc5 Rb1 31. Rxa5 Rf8 32. a4 Rc8 33. Rc5 Ra8 34. a5 Ra1 35. Rc7+ Kf6 36. Ne5 Rxa5 37. Kf4 g5+ 38. Kg3 g4 39. Kf4 1-0

[Event "Monarque blanc"]
[Site "Gatineau CAN"]
[Date "2007.01.30"]
[Round "3"]
[White "Arsenault, Yves"]
[Black "Chartrand, Jean Bruno"]
[Result "0-1"]
[WhiteElo "1500"]
[BlackElo "1836"]
[PlyCount "68"]
[GameId "2160767910726860"]
[EventDate "2007.01.16"]
[EventType "swiss"]
[EventRounds "7"]
[EventCountry "CAN"]
[SourceTitle "EXT 2022"]
[Source "ChessBase"]
[SourceDate "2021.10.06"]
[SourceVersion "1"]
[SourceVersionDate "2021.10.06"]
[SourceQuality "1"]

1. e4 Nf6 2. e5 Nd5 3. c4 Nb6 4. Nc3 d6 5. Nf3 Bg4 6. Be2 Nc6 7. exd6 cxd6 8. d3 e6 9. Be3 Be7 10. O-O O-O 11. h3 Bh5 12. Ne4 Bg6 13. a3 Nxc4 14. dxc4 Bxe4 15. Rc1 Bf6 16. Nd4 e5 17. Nb5 Be7 18. Nc3 Bf5 19. Nd5 Be6 20. Nxe7+ Qxe7 21. Qd2 f5 22. Bg5 Qc7 23. Rc3 f4 24. f3 Rf5 25. Bh4 Rh5 26. Bf2 Qd7 27. Rd1 Bxh3 28. Qd5+ Kh8 29. Qxd6 Qf5 30. Bf1 Qg5 31. Rcd3 Rh6 32. Qc7 Rg6 33. Bxa7 Bxg2 34. R1d2 Bxf3+ 0-1

[Event "Monarque blanc"]
[Site "Gatineau CAN"]
[Date "2007.01.30"]
[Round "3"]
[White "Berthiaume, Patrick"]
[Black "Pilon, Robert"]
[Result "0-1"]
[WhiteElo "984"]
[BlackElo "1554"]
[PlyCount "60"]
[GameId "2160767910726861"]
[EventDate "2007.01.16"]
[EventType "swiss"]
[EventRounds "7"]
[EventCountry "CAN"]
[SourceTitle "EXT 2022"]
[Source "ChessBase"]
[SourceDate "2021.10.06"]
[SourceVersion "1"]
[SourceVersionDate "2021.10.06"]
[SourceQuality "1"]

1. e4 e6 2. Nf3 d5 3. e5 c5 4. d4 Nc6 5. Bb5 Bd7 6. O-O a6 7. Bxc6 Bxc6 8. Nc3 Qb6 9. b3 cxd4 10. Nxd4 Bc5 11. Be3 Ne7 12. Qd3 Qc7 13. f4 O-O 14. Rf3 Bxd4 15. Bxd4 Nf5 16. Rd1 Rac8 17. Rc1 b5 18. b4 Nxd4 19. Qxd4 f5 20. a3 Be8 21. h3 Bh5 22. Re3 Qf7 23. h4 Rc4 24. Qb6 Rfc8 25. Qxa6 Rxc3 26. Rxc3 Rxc3 27. Qxb5 Qa7+ 28. Kh1 Rxa3 29. c4 Ra1 30. Rg1 Qxg1# 0-1

[Event "Monarque blanc"]
[Site "Gatineau CAN"]
[Date "2007.01.30"]
[Round "3"]
[White "Chirokova, Elena"]
[Black "Villeneuve, Luc"]
[Result "0-1"]
[WhiteElo "1300"]
[BlackElo "1571"]
[PlyCount "70"]
[GameId "2160767910726863"]
[EventDate "2007.01.16"]
[EventType "swiss"]
[EventRounds "7"]
[EventCountry "CAN"]
[SourceTitle "EXT 2022"]
[Source "ChessBase"]
[SourceDate "2021.10.06"]
[SourceVersion "1"]
[SourceVersionDate "2021.10.06"]
[SourceQuality "1"]

1. e4 d6 2. d4 Nf6 3. Nc3 g6 4. Bc4 Bg7 5. Nf3 O-O 6. O-O c6 7. a4 Qc7 8. Re1 e5 9. d5 c5 10. h3 a6 11. Na2 h6 12. c3 Nh5 13. Bf1 Nd7 14. b4 a5 15. bxc5 Nxc5 16. c4 f5 17. Nc3 fxe4 18. Nxe4 Nxe4 19. Rxe4 Bf5 20. Re1 Nf4 21. Ra2 g5 22. g3 Nxh3+ 23. Bxh3 Bxh3 24. Nd2 Rxf2 25. Kxf2 Qb6+ 26. Re3 Rf8+ 27. Nf3 e4 28. Ke1 exf3 29. Rxf3 Qg1+ 30. Kd2 Qxd1+ 31. Kxd1 Rxf3 32. Ba3 Be5 33. Rh2 Rxg3 34. Bc1 Rg1+ 35. Kc2 Bxh2 0-1

[Event "Monarque blanc"]
[Site "Gatineau CAN"]
[Date "2007.01.30"]
[Round "3"]
[White "Cossette, Daniel"]
[Black "Laferriere, Bruno"]
[Result "1-0"]
[WhiteElo "2137"]
[BlackElo "1880"]
[PlyCount "79"]
[GameId "2160767910726864"]
[EventDate "2007.01.16"]
[EventType "swiss"]
[EventRounds "7"]
[EventCountry "CAN"]
[SourceTitle "EXT 2022"]
[Source "ChessBase"]
[SourceDate "2021.10.06"]
[SourceVersion "1"]
[SourceVersionDate "2021.10.06"]
[SourceQuality "1"]

1. e4 c5 2. Nc3 Nc6 3. g3 g6 4. Bg2 Bg7 5. d3 d6 6. f4 e6 7. Nf3 Nge7 8. O-O O-O 9. Be3 Re8 10. Qd2 b6 11. d4 Bb7 12. Rfd1 Na5 13. Bf1 Rc8 14. dxc5 dxc5 15. Qf2 Qc7 16. Nb5 Qc6 17. Nd6 Bxb2 18. Bb5 Qxd6 19. Rxd6 Bxa1 20. Bxe8 Rxe8 21. Nd2 Bc3 22. Qe2 Bc6 23. Qd3 Nb7 24. Rxc6 Bxd2 25. Rc7 Bxe3+ 26. Qxe3 Na5 27. Qd3 Nac6 28. Rxc6 Nxc6 29. Qd7 Rd8 30. Qxc6 Rd1+ 31. Kg2 Rd2+ 32. Kh3 Rxc2 33. Qa8+ Kg7 34. Qxa7 Rb2 35. Qa6 Rb4 36. e5 Rb2 37. g4 b5 38. f5 gxf5 39. gxf5 exf5 40. Qf6+ 1-0

[Event "Monarque blanc"]
[Site "Gatineau CAN"]
[Date "2007.01.30"]
[Round "3"]
[White "Desjardins, Michel"]
[Black "Guimond, Michel"]
[Result "0-1"]
[WhiteElo "1907"]
[BlackElo "1795"]
[PlyCount "48"]
[GameId "2160767910726865"]
[EventDate "2007.01.16"]
[EventType "swiss"]
[EventRounds "7"]
[EventCountry "CAN"]
[SourceTitle "EXT 2022"]
[Source "ChessBase"]
[SourceDate "2021.10.06"]
[SourceVersion "1"]
[SourceVersionDate "2021.10.06"]
[SourceQuality "1"]

1. e4 e6 2. d4 d5 3. e5 c5 4. c3 Nc6 5. Nf3 Bd7 6. a3 c4 7. Nbd2 Qc7 8. b3 cxb3 9. Nxb3 f5 10. exf6 Nxf6 11. Bd3 Bd6 12. O-O e5 13. dxe5 Nxe5 14. Nxe5 Bxe5 15. f4 Bxc3 16. Qe2+ Kf7 17. Rb1 Rhe8 18. Qf3 Bg4 19. Qf2 Re7 20. h3 Bh5 21. g4 Bxg4 22. hxg4 Nxg4 23. Qc5 Qxc5+ 24. Nxc5 Bd4+ 0-1

[Event "Monarque blanc"]
[Site "Gatineau CAN"]
[Date "2007.01.30"]
[Round "3"]
[White "Forget, David"]
[Black "Laurin, Jacques"]
[Result "1-0"]
[WhiteElo "1887"]
[BlackElo "1791"]
[PlyCount "97"]
[GameId "2160767910726866"]
[EventDate "2007.01.16"]
[EventType "swiss"]
[EventRounds "7"]
[EventCountry "CAN"]
[SourceTitle "EXT 2022"]
[Source "ChessBase"]
[SourceDate "2021.10.06"]
[SourceVersion "1"]
[SourceVersionDate "2021.10.06"]
[SourceQuality "1"]

1. d4 d6 2. c4 e5 3. dxe5 dxe5 4. Qxd8+ Kxd8 5. Nc3 c6 6. Nf3 f6 7. e3 Bf5 8. b3 Bb4 9. Bb2 Nd7 10. O-O-O Kc7 11. Nh4 Be6 12. Bd3 Ne7 13. Rd2 Nc5 14. Bc2 e4 15. a3 Bxc3 16. Bxc3 Rhf8 17. Bb4 b6 18. Bxc5 bxc5 19. Bxe4 Rab8 20. Kc2 g5 21. Nf3 g4 22. Ng1 f5 23. Bd3 Rb6 24. Ne2 Ng6 25. Nf4 Bg8 26. Nxg6 hxg6 27. Kc3 g5 28. Bc2 Be6 29. h3 Rh8 30. Rdd1 gxh3 31. Rxh3 Rxh3 32. gxh3 Rb8 33. Rg1 Rg8 34. f4 g4 35. hxg4 fxg4 36. f5 Bf7 37. Kd3 Kd6 38. Ke4 g3 39. Kf4 g2 40. Be4 Bh5 41. Rxg2 Rxg2 42. Bxg2 Bd1 43. e4 Bxb3 44. e5+ Ke7 45. Bf1 Bc2 46. Kg5 Be4 47. f6+ Kf7 48. Be2 Bh7 49. Bg4 1-0

[Event "Monarque blanc"]
[Site "Gatineau CAN"]
[Date "2007.01.30"]
[Round "3"]
[White "Levesque, Andre"]
[Black "Lacourse, Guy"]
[Result "0-1"]
[WhiteElo "1388"]
[BlackElo "1632"]
[PlyCount "92"]
[GameId "2160767910726869"]
[EventDate "2007.01.16"]
[EventType "swiss"]
[EventRounds "7"]
[EventCountry "CAN"]
[SourceTitle "EXT 2022"]
[Source "ChessBase"]
[SourceDate "2021.10.06"]
[SourceVersion "1"]
[SourceVersionDate "2021.10.06"]
[SourceQuality "1"]

1. e4 c5 2. Nc3 Nc6 3. g3 g6 4. Bg2 Bg7 5. Nd5 e6 6. Ne3 Nge7 7. Ne2 O-O 8. O-O d5 9. exd5 exd5 10. c3 d4 11. cxd4 cxd4 12. Nc4 b5 13. Na3 d3 14. Nf4 b4 15. Nc4 Rb8 16. Qf3 Ba6 17. Ne3 Nd4 18. Qg4 f5 19. Qd1 Kh8 20. Rb1 Qd6 21. Re1 Nec6 22. b3 Ne2+ 23. Kh1 Nxf4 24. gxf4 Nd4 25. Bb2 Qxf4 26. Rc1 Be5 27. Nf1 Ne2 28. Bxe5+ Qxe5 29. Rb1 Qf4 30. Ne3 Qxf2 31. Rf1 Qh4 32. Qe1 Qxe1 33. Rbxe1 Bb7 34. Bf3 Be4 35. Nd1 Rbe8 36. Bxe4 Rxe4 37. Ne3 f4 38. Nc4 Rfe8 39. Kg2 R8e6 40. Nb2 f3+ 41. Kxf3 Ng1+ 42. Kg2 Rxe1 43. Kxg1 Rxf1+ 44. Kxf1 Re2 45. Nxd3 Rxd2 46. Nxb4 a5 0-1

[Event "Monarque blanc"]
[Site "Gatineau CAN"]
[Date "2007.01.30"]
[Round "3"]
[White "Scantland, Patrick"]
[Black "Dupont, Claude"]
[Result "0-1"]
[WhiteElo "1730"]
[BlackElo "1395"]
[PlyCount "110"]
[GameId "2160767910726871"]
[EventDate "2007.01.16"]
[EventType "swiss"]
[EventRounds "7"]
[EventCountry "CAN"]
[SourceTitle "EXT 2022"]
[Source "ChessBase"]
[SourceDate "2021.10.06"]
[SourceVersion "1"]
[SourceVersionDate "2021.10.06"]
[SourceQuality "1"]

1. e4 c5 2. Nf3 d6 3. d4 cxd4 4. Nxd4 Nc6 5. c4 Nf6 6. Nc3 e6 7. Bg5 Be7 8. Qd2 h6 9. Be3 Ng4 10. Be2 Nxe3 11. Qxe3 Qb6 12. Rd1 Qxb2 13. O-O a6 14. Rb1 Qa3 15. f4 Qc5 16. Rfd1 Nxd4 17. Qxd4 Qxd4+ 18. Rxd4 O-O 19. e5 dxe5 20. Re4 exf4 21. Rxf4 Bc5+ 22. Kf1 b6 23. Bf3 Rb8 24. Na4 Bd7 25. Nxc5 bxc5 26. Rb7 Rxb7 27. Bxb7 Rb8 28. Bxa6 Ra8 29. Bb5 Bxb5 30. cxb5 Rxa2 31. Rc4 Rb2 32. Rxc5 g5 33. Rc8+ Kg7 34. Rb8 f5 35. b6 Kf6 36. b7 Ke5 37. g3 h5 38. h3 g4 39. hxg4 hxg4 40. Ke1 Ke4 41. Re8 Rxb7 42. Rxe6+ Kf3 43. Re5 Rf7 44. Kd2 Kxg3 45. Ke2 f4 46. Kf1 f3 47. Re3 Kh2 48. Re4 Kg3 49. Re3 Ra7 50. Re1 Kf4 51. Rb1 Ra4 52. Kg1 g3 53. Kh1 Re4 54. Rg1 f2 55. Rxg3 f1=Q+ 0-1

[Event "Monarque blanc"]
[Site "Gatineau CAN"]
[Date "2007.01.30"]
[Round "3"]
[White "Szalay, Karoly"]
[Black "Brousseau, Yvan"]
[Result "1-0"]
[WhiteElo "1842"]
[BlackElo "2011"]
[PlyCount "63"]
[GameId "2160767910726872"]
[EventDate "2007.01.16"]
[EventType "swiss"]
[EventRounds "7"]
[EventCountry "CAN"]
[SourceTitle "EXT 2022"]
[Source "ChessBase"]
[SourceDate "2021.10.06"]
[SourceVersion "1"]
[SourceVersionDate "2021.10.06"]
[SourceQuality "1"]

1. e4 d5 2. exd5 Qxd5 3. d4 Nc6 4. Be3 Bf5 5. c4 Qd7 6. Nf3 e6 7. h3 Nf6 8. Bd3 Bxd3 9. Qxd3 Be7 10. Nc3 O-O 11. a3 Rfd8 12. O-O-O a6 13. Ne4 Nxe4 14. Qxe4 Na5 15. Qc2 b5 16. Ne5 Qe8 17. c5 Nc6 18. Qe4 Rd5 19. Nd3 Bf6 20. Nf4 Rdd8 21. Nh5 Be7 22. g4 g6 23. Ng3 Bf8 24. Bg5 Rd5 25. Bf6 Bh6+ 26. f4 Bf8 27. Ne2 Be7 28. Be5 Qd8 29. Nc3 f6 30. Bxf6 Bxf6 31. Qxe6+ Kg7 32. Nxd5 1-0

[Event "Monarque blanc"]
[Site "Gatineau CAN"]
[Date "2007.01.30"]
[Round "3"]
[White "Thibault, Mario"]
[Black "Jiang, Qizhe"]
[Result "1-0"]
[WhiteElo "1732"]
[BlackElo "953"]
[PlyCount "97"]
[GameId "2160767910726873"]
[EventDate "2007.01.16"]
[EventType "swiss"]
[EventRounds "7"]
[EventCountry "CAN"]
[SourceTitle "EXT 2022"]
[Source "ChessBase"]
[SourceDate "2021.10.06"]
[SourceVersion "1"]
[SourceVersionDate "2021.10.06"]
[SourceQuality "1"]

1. Nf3 Nc6 2. b3 e5 3. Bb2 Nf6 4. e3 b6 5. Nxe5 Nxe5 6. Bxe5 Bb7 7. Bb2 Be7 8. d4 Bb4+ 9. c3 Be7 10. Nd2 O-O 11. Nf3 Re8 12. Be2 Ne4 13. O-O Nf6 14. c4 c6 15. Rc1 Ba6 16. Ne5 Rc8 17. a3 d6 18. Nd3 Bb7 19. b4 c5 20. bxc5 bxc5 21. d5 Rb8 22. Qc2 Bc8 23. Rb1 Bd7 24. Nf4 Qc8 25. Bd3 g6 26. e4 Qc7 27. Ne2 Nh5 28. f4 Bf8 29. f5 Bg7 30. fxg6 fxg6 31. Bxg7 Kxg7 32. Qc3+ Nf6 33. Qxf6+ Kg8 34. Rxb8 Qxb8 35. Qf7+ Kh8 36. Qxd7 Rd8 37. Qh3 Qb3 38. Nf4 Re8 39. Ne6 Qb8 40. e5 dxe5 41. Bxg6 Re7 42. Rf8+ Qxf8 43. Nxf8 Kg8 44. Nxh7 e4 45. Bf5 e3 46. Be6+ Kh8 47. Nf8+ Kg7 48. Qh7+ Kf6 49. Qg6+ 1-0

[Event "Monarque blanc"]
[Site "Gatineau CAN"]
[Date "2007.01.30"]
[Round "3"]
[White "Thompson, Daniel"]
[Black "Pepin, Christian"]
[Result "1-0"]
[WhiteElo "1481"]
[BlackElo "2011"]
[PlyCount "99"]
[GameId "2160767910726874"]
[EventDate "2007.01.16"]
[EventType "swiss"]
[EventRounds "7"]
[EventCountry "CAN"]
[SourceTitle "EXT 2022"]
[Source "ChessBase"]
[SourceDate "2021.10.06"]
[SourceVersion "1"]
[SourceVersionDate "2021.10.06"]
[SourceQuality "1"]

1. d4 f5 2. e4 fxe4 3. Nc3 Nf6 4. Bg5 e6 5. Nxe4 Be7 6. Nxf6+ Bxf6 7. Bxf6 Qxf6 8. Nf3 b6 9. Qd2 Bb7 10. Be2 O-O 11. O-O-O Qf4 12. Qe3 Nc6 13. a3 Ne7 14. Kb1 Qxe3 15. fxe3 Nd5 16. Ne5 Nxe3 17. Rd3 Nxg2 18. Rg3 Nf4 19. Bf3 Bxf3 20. Rxf3 Ng6 21. Rc3 Rac8 22. Nxd7 Rfd8 23. Ne5 Nxe5 24. dxe5 c5 25. Kc1 Rd5 26. Rd1 Rxd1+ 27. Kxd1 Rd8+ 28. Ke2 Rd5 29. Re3 Kf7 30. c4 Rd4 31. b3 Rf4 32. Rd3 Re4+ 33. Kf3 Rxe5 34. Rd7+ Kg6 35. Rxa7 Rf5+ 36. Ke4 Rf7 37. Ra6 Rb7 38. Ke5 Kf7 39. Kd6 e5 40. Kxe5 g5 41. Kd6 h5 42. Kc6 Re7 43. Rxb6 Re5 44. a4 g4 45. a5 h4 46. a6 g3 47. hxg3 h3 48. a7 Re8 49. Kxc5 Kg7 50. Rb8 1-0

[Event "Monarque blanc"]
[Site "Gatineau CAN"]
[Date "2007.02.06"]
[Round "4"]
[White "Brousseau, Yvan"]
[Black "Laurin, Jacques"]
[Result "1-0"]
[WhiteElo "2011"]
[BlackElo "1791"]
[PlyCount "81"]
[GameId "2160767910726877"]
[EventDate "2007.01.16"]
[EventType "swiss"]
[EventRounds "7"]
[EventCountry "CAN"]
[SourceTitle "EXT 2022"]
[Source "ChessBase"]
[SourceDate "2021.10.06"]
[SourceVersion "1"]
[SourceVersionDate "2021.10.06"]
[SourceQuality "1"]

1. Nf3 d6 2. d4 Bg4 3. e4 Nf6 4. Bd3 Nc6 5. c3 e6 6. Be3 Be7 7. Qb3 Rb8 8. Nbd2 Nd7 9. O-O-O O-O 10. h3 Bh5 11. g4 Bg6 12. Ne1 Na5 13. Qc2 c5 14. f4 cxd4 15. Bxd4 f6 16. Nef3 Nc6 17. Bf2 Rc8 18. a3 e5 19. Bc4+ Kh8 20. f5 Be8 21. Be6 Rc7 22. Nc4 Ndb8 23. Bc5 Nd4 24. Bxd4 exd4 25. Nxd4 Na6 26. Ne3 Nc5 27. Nd5 Ba4 28. b3 Bxb3 29. Nxb3 Nxe6 30. fxe6 Rc6 31. Nd4 Ra6 32. Qb3 f5 33. Nxf5 Bg5+ 34. Kc2 Qe8 35. Nc7 Qc6 36. Nxa6 Qxe4+ 37. Kb2 Qe2+ 38. Ka1 bxa6 39. Rhe1 Qf3 40. e7 Re8 41. Nxd6 1-0

[Event "Monarque blanc"]
[Site "Gatineau CAN"]
[Date "2007.02.06"]
[Round "4"]
[White "Charette, Jean Sebastien"]
[Black "Thibault, Mario"]
[Result "1-0"]
[WhiteElo "1387"]
[BlackElo "1732"]
[PlyCount "113"]
[GameId "2160767910726878"]
[EventDate "2007.01.16"]
[EventType "swiss"]
[EventRounds "7"]
[EventCountry "CAN"]
[SourceTitle "EXT 2022"]
[Source "ChessBase"]
[SourceDate "2021.10.06"]
[SourceVersion "1"]
[SourceVersionDate "2021.10.06"]
[SourceQuality "1"]

1. e4 c5 2. c3 g6 3. d4 cxd4 4. cxd4 d5 5. e5 Bg7 6. Nc3 f6 7. f4 Nh6 8. Qb3 e6 9. Nf3 O-O 10. Bd2 Nc6 11. Bd3 fxe5 12. dxe5 Qe7 13. Ne2 Bd7 14. O-O Rfc8 15. Rac1 Bf8 16. a3 Qe8 17. Rc2 Nd8 18. Rfc1 Ba4 19. Rxc8 Rxc8 20. Qa2 Rxc1+ 21. Bxc1 Bc5+ 22. Kf1 Nf5 23. b4 Bb6 24. Nc3 Qc6 25. Qb2 a6 26. g3 d4 27. Ne4 Ne3+ 28. Bxe3 dxe3 29. Qc3 Bb5 30. Ke2 Kh8 31. Bxb5 Qxb5+ 32. Qd3 Qc6 33. Nc3 Nf7 34. Nd1 Qc1 35. Qc3 Qxc3 36. Nxc3 Kg7 37. Na4 Ba7 38. Nc5 Bxc5 39. bxc5 Nd8 40. Kxe3 Kf8 41. Nd4 Ke7 42. h4 Kd7 43. Kf3 Nf7 44. Kg4 h5+ 45. Kf3 Nh6 46. a4 Ng4 47. f5 gxf5 48. Kf4 Nf2 49. Kg5 Ne4+ 50. Kxh5 Nxg3+ 51. Kg6 f4 52. h5 Nxh5 53. Kxh5 f3 54. Nxf3 Kc6 55. Kg6 Kxc5 56. Kf6 Kd5 57. a5 1-0